| 000 | 00821nam1a22002531i 4500 | ||
|---|---|---|---|
| 001 | rc\2847204 | ||
| 005 | 20240726082818.0 | ||
| 035 | _a(NLR Aleph) 007002947 | ||
| 090 |
_a5739186 _c5739186 |
||
| 100 | _a20110702d1930 |||y0rusy50 ca | ||
| 101 | 0 | _arus | |
| 102 | _aRU | ||
| 105 | _ay z ||||| | ||
| 200 | 1 |
_aКапкан _eРоман _e[Кн. 1]- _fЕ. Пермитин |
|
| 210 |
_aМосква _cизд-во "Федерация" _d1930 _g14-я тип. "Мосполиграф" |
||
| 215 | _d20х14 см | ||
| 300 | _aВ переплете-папке. Папка: Б. Титов | ||
| 700 | 1 |
_aПермитин _bЕ.Н. _f1896-1971 _gЕфим Николаевич |
|
| 702 | 1 |
_aТитов _bБ. _4570 |
|
| 801 | 0 |
_aRU _bNLR _gpsbo |
|
| 801 | 1 |
_aRU _bELAR _2rusmarc |
|
| 852 |
_aNLR _j30-2/122 |
||
| 942 | _cBOOK | ||